[Event "SVK-chT5 SE-SI 1415"]
[Site "Slovakia"]
[Date "2014.10.18"]
[Round "1.5"]
[White "Fajtakova, Silvia"]
[Black "Osadsky, Jan"]
[Result "0-1"]
[WhiteElo "1188"]
[BlackElo "1275"]
[PlyCount "32"]
[EventDate "2014.10.18"]
[EventType "team-tourn"]
[EventRounds "11"]
[EventCountry "SVK"]
[SourceTitle "EXT 2022"]
[Source "ChessBase"]
[SourceDate "2021.10.06"]
[SourceVersion "1"]
[SourceVersionDate "2021.10.06"]
[SourceQuality "1"]
[WhiteTeam "Stefanov III"]
[BlackTeam "Stefanov II"]
[WhiteTeamCountry "SVK"]
[BlackTeamCountry "SVK"]

1. e4 Nc6 2. Nf3 Nf6 3. Nc3 d5 4. d3 Bg4 5. Be3 d4 6. Bf4 dxc3 7. bxc3 e5 8. Bxe5 Nxe5 9. Be2 Nc6 10. 0-0 Nh5 11. Qd2 Nf4 12. Qxf4 h5 13. Ne1 Bd6 14. e5 g5 15. Qf6 Qxf6 16. exf6 0-0-0 0-1

[Event "SVK-ch U12"]
[Site "Stara Lubovna"]
[Date "2014.04.10"]
[Round "7"]
[White "Panko, Eduard1111"]
[Black "Osadsky, Jan"]
[Result "1-0"]
[WhiteElo "1519"]
[BlackElo "1190"]
[PlyCount "61"]
[EventDate "2014.04.05"]
[EventType "swiss"]
[EventRounds "9"]
[EventCountry "SVK"]
[SourceTitle "EXT 2016"]
[Source "ChessBase"]
[SourceDate "2015.10.08"]
[SourceVersion "1"]
[SourceVersionDate "2015.10.08"]
[SourceQuality "1"]

1. c4 e5 2. Nc3 Nf6 3. g3 Nc6 4. Bg2 Bc5 5. e3 d6 6. a3 a6 7. Nge2 Na5 8. b4 Nxc4 9. bxc5 dxc5 10. Qa4+ b5 11. Nxb5 Nb6 12. Nxc7+ Kf8 13. Qc6 Bd7 14. Qxb6 Rb8 15. Qxc5+ Kg8 16. Nd5 Nxd5 17. Qxd5 Rb5 18. Qa8 Rb8 19. Qxa6 g6 20. 0-0 Bb5 21. Qa7 Bxe2 22. Re1 Bc4 23. a4 Bd3 24. Ba3 Kg7 25. Be7 Qc8 26. Rac1 Qe6 27. Rc6 Qg4 28. Bf6+ Kh6 29. Qxf7 Rhg8 30. h4 g5 31. Bxg5# 1-0

[Event "SVK-ch U12"]
[Site "Stara Lubovna"]
[Date "2014.04.07"]
[Round "4"]
[White "Osadsky, Jan"]
[Black "Brnusak, Andrej"]
[Result "0-1"]
[WhiteElo "1190"]
[BlackElo "1548"]
[PlyCount "64"]
[EventDate "2014.04.05"]
[EventType "swiss"]
[EventRounds "9"]
[EventCountry "SVK"]
[SourceTitle "EXT 2016"]
[Source "ChessBase"]
[SourceDate "2015.10.08"]
[SourceVersion "1"]
[SourceVersionDate "2015.10.08"]
[SourceQuality "1"]

1. e4 c5 2. c3 Nf6 3. e5 Nd5 4. d4 e6 5. Nf3 Nc6 6. Bd3 Be7 7. 0-0 0-0 8. dxc5 Bxc5 9. Ng5 h6 10. Qh5 Nxe5 11. Bc2 Nf6 12. Qe2 Qc7 13. Ne4 Nxe4 14. Qxe4 Ng6 15. Be3 Bxe3 16. fxe3 d5 17. Qd3 Qb6 18. Nd2 Bd7 19. a4 Rac8 20. b4 Rfd8 21. Kh1 e5 22. Qxd5 Be6 23. a5 Qxe3 24. Qxb7 Qxd2 25. Be4 Bd5 26. Bxd5 Qxd5 27. Qxa7 Rxc3 28. h3 Rxh3+ 29. Kg1 Rb3 30. Rad1 Rd3 31. Rc1 Nf4 32. Rc5 Qxg2# 0-1

[Event "SVK-ch U12"]
[Site "Stara Lubovna"]
[Date "2014.04.05"]
[Round "1"]
[White "Haring, Filip"]
[Black "Osadsky, Jan"]
[Result "1-0"]
[WhiteElo "1881"]
[BlackElo "1190"]
[PlyCount "71"]
[EventDate "2014.04.05"]
[EventType "swiss"]
[EventRounds "9"]
[EventCountry "SVK"]
[SourceTitle "EXT 2016"]
[Source "ChessBase"]
[SourceDate "2015.10.08"]
[SourceVersion "1"]
[SourceVersionDate "2015.10.08"]
[SourceQuality "1"]

1. Nf3 Nc6 2. d4 d5 3. Bf4 Nf6 4. e3 Bf5 5. c4 e6 6. a3 Bd6 7. Bg3 Bg4 8. Nbd2 Ne4 9. Qc2 Bf5 10. Bd3 Nxg3 11. hxg3 Qf6 12. Bxf5 exf5 13. cxd5 Ne7 14. e4 fxe4 15. Nxe4 Qf5 16. Nxd6+ cxd6 17. Qxf5 Nxf5 18. Kd2 Kd7 19. Rae1 h6 20. g4 Ne7 21. g5 Nxd5 22. gxh6 gxh6 23. Rh5 Nb6 24. b3 Rae8 25. Reh1 Reg8 26. g3 Rg6 27. Ng5 Ke7 28. Ne4 d5 29. Nc5 Rf6 30. Ke3 Kd6 31. f4 Rg6 32. Kf3 Nd7 33. Nxd7 Kxd7 34. Rxd5+ Ke6 35. Rb5 b6 36. f5+ 1-0